MARC details
| 000 -LEADER |
| fixed length control field |
01371nam a2200397 a 4500 |
| 001 - CONTROL NUMBER |
| control field |
vtls000975523 |
| 003 - CONTROL NUMBER IDENTIFIER |
| control field |
NLI |
| 005 - DATE AND TIME OF LATEST TRANSACTION |
| control field |
20210627095812.0 |
| 008 - FIXED-LENGTH DATA ELEMENTS--GENERAL INFORMATION |
| fixed length control field |
120209m1980uuuuxxu i000 0 eng |
| 039 #9 - LEVEL OF BIBLIOGRAPHIC CONTROL AND CODING DETAIL [OBSOLETE] |
| -- |
201202091837 |
| -- |
VLOAD |
| 040 ## - CATALOGING SOURCE |
| Original cataloging agency |
NLI |
| Transcribing agency |
VTLS-2010_FOD |
| Description conventions |
AACR2 |
| 040 ## - CATALOGING SOURCE |
| Original cataloging agency |
Processed by VTLS |
| 041 0# - LANGUAGE CODE |
| Language code of text/sound track or separate title |
eng |
| 044 ## - COUNTRY OF PUBLISHING/PRODUCING ENTITY CODE |
| MARC country code |
xxu |
| 082 #4 - DEWEY DECIMAL CLASSIFICATION NUMBER |
| Classification number |
016.61 |
| 110 1# - MAIN ENTRY--CORPORATE NAME |
| Corporate name or jurisdiction name as entry element |
United States |
| Subordinate unit |
American Medical Association |
| 9 (RLIN) |
908052 |
| 222 #0 - KEY TITLE |
| Key title |
Cumulated index medicus |
| 245 00 - TITLE STATEMENT |
| Title |
Cumulated index medicus / |
| Statement of responsibility, etc. |
National Library of Medicine |
| 260 ## - PUBLICATION, DISTRIBUTION, ETC. |
| Place of publication, distribution, etc. |
Bethesda, Md. : |
| Name of publisher, distributor, etc. |
United States Department of Health and Human Services, |
| Date of publication, distribution, etc. |
1980 |
| 300 ## - PHYSICAL DESCRIPTION |
| Extent |
-v. ; |
| Dimensions |
31 cm. |
| 310 ## - CURRENT PUBLICATION FREQUENCY |
| Current publication frequency |
Annual |
| 440 #0 - SERIES STATEMENT/ADDED ENTRY--TITLE |
| Title |
1980- : NIH publication ; |
| Volume/sequential designation |
no.81-259 |
| 9 (RLIN) |
708074 |
| 500 ## - GENERAL NOTE |
| General note |
Description based on: Vol. 21 (1980) |
| 500 ## - GENERAL NOTE |
| General note |
Library has vol. 21 |
| 500 ## - GENERAL NOTE |
| General note |
Subject Index Mol-Pi |
| 515 ## - NUMBERING PECULIARITIES NOTE |
| Numbering peculiarities note |
Vols. for 1960-1964 issued in 3 pts.: Pt. 1, Author index; pts. 2-3, Subject index; 1964- number of parts varies |
| 650 #0 - SUBJECT ADDED ENTRY--TOPICAL TERM |
| Topical term or geographic name entry element |
Medicine |
| Form subdivision |
Indexes |
| 650 #0 - SUBJECT ADDED ENTRY--TOPICAL TERM |
| Topical term or geographic name entry element |
Bibliography of Medicine |
| 9 (RLIN) |
708075 |
| 710 2# - ADDED ENTRY--CORPORATE NAME |
| Corporate name or jurisdiction name as entry element |
National Library of Medicine (U.S.) |
| 9 (RLIN) |
708079 |
| 740 0# - ADDED ENTRY--UNCONTROLLED RELATED/ANALYTICAL TITLE |
| Uncontrolled related/analytical title |
Medline |
| 887 ## - NON-MARC INFORMATION FIELD |
| Content of non-MARC field |
|
| 901 ## - LOCAL DATA ELEMENT A, LDA (RLIN) |
| a |
AD 70624 |
| b |
29.07.2010 |
| 9 |
v.21, no.81-259 |
| 902 ## - LOCAL DATA ELEMENT B, LDB (RLIN) |
| a |
U.S 016.61 Us 3 Cu |
| 949 ## - LOCAL PROCESSING INFORMATION (OCLC) |
| -- |
VIRTUAITEM |
| -- |
10000 |
| -- |
100 |
| 6 |
ADX000070624ENG |
| 9 |
v.21,no.81-259 |
| 942 ## - ADDED ENTRY ELEMENTS (KOHA) |
| Source of classification or shelving scheme |
Dewey Decimal Classification |
| Koha item type |
Books |